TH-MS-Bt gene expression profiling of Candidate cotton Lines of Pakistan (Record no. 480874)
[ view plain ]
| 000 -LEADER | |
|---|---|
| fixed length control field | 00505nam a22001577a 4500 |
| 003 - CONTROL NUMBER IDENTIFIER | |
| control field | ASAB |
| 005 - DATE AND TIME OF LATEST TRANSACTION | |
| control field | 20180827062842.0 |
| 008 - FIXED-LENGTH DATA ELEMENTS--GENERAL INFORMATION | |
| fixed length control field | 180514t xxu||||| |||| 00| 0 eng d |
| 040 ## - CATALOGING SOURCE | |
| Transcribing agency | ASAB |
| 100 ## - MAIN ENTRY--PERSONAL NAME | |
| Personal name | AAMIR RANA-Sup-Dr. Muhammad Tahir |
| 9 (RLIN) | 3948 |
| 245 ## - TITLE STATEMENT | |
| Title | TH-MS-Bt gene expression profiling of Candidate cotton Lines of Pakistan |
| Statement of responsibility, etc. | AAMIR RANA-Sup-Dr. Muhammad Tahir |
| 260 ## - PUBLICATION, DISTRIBUTION, ETC. | |
| Place of publication, distribution, etc. | Islamabad |
| Name of publisher, distributor, etc. | ASAB NUST |
| Date of publication, distribution, etc. | 2014 |
| 300 ## - PHYSICAL DESCRIPTION | |
| Extent | xiv, 50 P |
| Other physical details | 30 cm |
| 630 ## - SUBJECT ADDED ENTRY--UNIFORM TITLE | |
| Uniform title | Virology and Immunology |
| 9 (RLIN) | 3949 |
| 942 ## - ADDED ENTRY ELEMENTS (KOHA) | |
| Source of classification or shelving scheme | |
| Koha item type | |
| Withdrawn status | Lost status | Source of classification or shelving scheme | Damaged status | Not for loan | Collection code | Permanent Location | Current Location | Date acquired | Total Checkouts | Full call number | Barcode | Date last seen | Price effective from | Koha item type | Shelving location |
|---|---|---|---|---|---|---|---|---|---|---|---|---|---|---|---|
| Atta-ur-Rahman School of Applied Biosciences (ASAB) | Atta-ur-Rahman School of Applied Biosciences (ASAB) | 05/14/2018 | Thesis 2014 AR | ASABms-1-14 | 05/14/2018 | 05/14/2018 | |||||||||
| Central Library (CL) | Central Library (CL) | 02/07/2020 | 616 | CL-T-4990 | 02/07/2020 | 02/07/2020 | Thesis | Thesis |
